Guess the Taylor Swift Song (no hints) 171 - Statistics

General Stats
  • This quiz has been taken 60 times
  • The average score is 246 of 308
Answer Stats
Answer % Correct
I
100%
me,
100%
me
100%
You
100%
you
100%
a
97%
the
97%
to
97%
We
97%
be
94%
In
94%
in
94%
it
94%
my
94%
on
94%
were
94%
when
94%
When
94%
your
94%
And
91%
and
91%
'cause
91%
do
91%
don't
91%
like
91%
of
91%
that
91%
That
91%
too
91%
who
91%
All
88%
come
88%
know
88%
was
88%
can
84%
gonna
84%
see
84%
up
84%
am
81%
at
81%
back
81%
didn't
81%
make
81%
that's
81%
way
81%
with
81%
here
78%
knew
78%
now
78%
so
78%
down
75%
friends
75%
had
75%
kiss
75%
always
72%
legends
72%
our
72%
out
72%
own
72%
polite
72%
suburban
72%
born
69%
door
69%
forever
69%
heart
69%
let
69%
still
69%
told
69%
would
69%
anymore
66%
broke
66%
came
66%
get
66%
hold
66%
more
66%
people
66%
screw
66%
than
66%
together
66%
we'd
66%
block
63%
called
63%
clock
63%
kissed
63%
knock
63%
life
63%
remember
63%
Tick
63%
tock
63%
You'd
63%
holds
59%
national
59%
numbers
59%
pace
59%
peripheral
59%
ruined
59%
slide
59%
slippery
59%
treasures
59%
unmarked
59%
vision
59%
1950s
56%
crash
56%
gymnasium
56%
hose
56%
old
56%
plastic
56%
shore
56%
summer
56%
walking
56%
Waves
56%
almost
53%
forgiven
53%
quickly
53%
standing
53%
star
53%
whole
53%
chapter
50%
class
50%
dash
50%
life's
50%
magnetic
50%
maybe
50%
obnoxious
50%
pages
50%
reunion
50%
ripped
50%
school
50%
surprise
50%
cool
47%
currency
47%
diaries
47%
empty
47%
mismatched
47%
pockets
47%
signs
47%
turning
47%
ended
44%
Flush
44%
fantasy
41%
No matching quizzes found
Score Distribution
Percent of People with Each Score
Percentile by Number Answered
Your Score History
You have not taken this quiz